Advanced introduction to public choice

Gespeichert in:
Bibliographische Detailangaben
1. Verfasser: Holcombe, Randall G.
Format: Buch
Sprache:Englisch
Veröffentlicht: Cheltenham Edward Elgar Publishing 2016
Schriftenreihe:Elgar advanced introduction
Schlagworte:
Tags: Tag hinzufügen
Keine Tags, Fügen Sie das erste Tag hinzu!

MARC

LEADER 00000nam a2200000 4500
001 0225160
005 20240312115415.6
020 |a 978-1-78536-206-4 
041 0 |a eng 
044 |a GB 
245 1 0 |a Advanced introduction to public choice  |c Randall G. Holcombe 
264 1 |a Cheltenham  |b Edward Elgar Publishing  |c 2016 
300 |a 155 s. 
490 1 |a Elgar advanced introduction 
830 0 |a Elgar advanced introduction 
610 2 0 |a vedy spoločenské 
610 2 0 |a politika verejná 
610 2 0 |a záujmy verejné 
610 2 0 |a analýza ekonomická 
610 2 0 |a voľby 
610 2 0 |a strany politické 
610 2 0 |a preferencie 
610 2 0 |a parlamenty 
610 2 0 |a prezidenti 
610 2 0 |a politika 
610 2 0 |a byrokracia 
610 2 0 |a rozhodovanie 
610 2 0 |a moc politická 
100 1 |a Holcombe, Randall G.